000 00707nam a2200205Ia 4500
003 GCL
008 140319s9999 xx 000 0 ara d
040 _aGCL /
_cGCL
082 0 4 _a811.008
_bن ن
100 1 _aنضال نصرالله
245 1 0 _aنزار قبانى وقصائد كانت ممنوعة /
_cنضال نصرالله
260 _aسوريا :
_bالاوائل للنشر والتوزيع ،
_c2003
300 _a240 ص ؛
_c24 سم
650 0 4 _aالشعر الغزلى
650 0 4 _aالشعر السياسى
650 0 4 _aنزار قبانى
650 0 4 _aالشعر العربى - دواوين وقصائد
650 0 4 _aالشعر العربى - مجموعات
942 _2ddc
_cBK
999 _c8523
_d8523